Public enterprise managment / (Record no. 160020)

MARC details
000 -LEADER
fixed length control field 00488nam a22001817a 4500
005 - DATE AND TIME OF LATEST TRANSACTION
control field 20190112171630.0
010 ## - LCCN (DPL NO)
LC control number B-017557
020 ## - INTERNATIONAL STANDARD BOOK NUMBER
International Standard Book Number 0333933311
Terms of availability 145.00
035 ## - SYSTEM CONTROL NUMBER
System control number B-017557
037 ## - SOURCE OF ACQUISITION
Source of stock number/acquisition Macmillan
082 ## - DEWEY DECIMAL CLASSIFICATION NUMBER
Classification number 338.620
100 ## - MAIN ENTRY--PERSONAL NAME
Personal name Mathur. B.P.
245 ## - TITLE STATEMENT
Title Public enterprise managment /
Statement of responsibility, etc B.P. Mathur
250 ## - EDITION STATEMENT
Edition statement Second Edition
260 ## - PUBLICATION, DISTRIBUTION, ETC. (IMPRINT)
Place of publication, distribution, etc Delhi
Name of publisher, distributor, etc Macmillan
Date of publication, distribution, etc 1993
300 ## - PHYSICAL DESCRIPTION
Extent 306p. (it inculde index.)
Dimensions 22cm(pbk)
942 ## - ADDED ENTRY ELEMENTS (KOHA)
Source of classification or shelving scheme Dewey Decimal Classification
Item type English Books
Classification part 538.620
Holdings
Withdrawn status Lost status Not for loan Collection code Home library Current library Date acquired Full call number Barcode Koha item type
      Non-fiction Sarojini Nagar Sarojini Nagar 12/01/2019 538.620 STE B-017557 English Books

© Delhi Public Library
Hit Counter
free hit counter